Normal view
MARC view
- Capt Muhammad Imtanan Babar
Entry Personal Name
001 - CONTROL NUMBER
- control field: 48295
003 - CONTROL NUMBER IDENTIFIER
- control field: NUST
005 - DATE AND TIME OF LATEST TRANSACTION
- control field: 20210314134025.0
008 - FIXED-LENGTH DATA ELEMENTS
- fixed length control field: 210314|| aca||aabn | a|a d
040 ## - CATALOGING SOURCE
- Original cataloging agency: NUST
- Transcribing agency: NUST
100 ## - HEADING--PERSONAL NAME
- Personal name: Capt Muhammad Imtanan Babar
670 ## - SOURCE DATA FOUND
- Source citation: Work cat.: (NUST): Capt Muhammad Imtanan Babar, Technical consideration and techniques of heart insulation and water proofing of building/, c2000
